wszyscy gracze na worldsach 2020 - Statystyki

Ogólne statystyki
  • Ten quiz został rozwiązany 38 razy
  • Średni wynik to 35 z 80
Statystyki odpowiedzi
timek i pozycja plejer % Poprawnych
G2 - Mid Caps
96%
G2 - Jungle Jankos
96%
G2 - Bot Perkz
91%
G2 - Supp Mikyx
87%
G2 - Top Wunder
83%
DAMWON - Jungle Canyon
74%
Fnatic - Top Bwipo
70%
Fnatic - Supp Hylissang
70%
Fnatic - Bot Rekkles
70%
Top Esports - Top 369
65%
DAMWON - Supp Beryl
65%
Rogue - Jungle Inspired
65%
DAMWON - Top Nuguri
65%
Fnatic - Jungle Selfmade
65%
DAMWON - Mid ShowMaker
65%
Suning - Top Bin
61%
Rogue - Bot Hans sama
61%
Rogue - Mid Larssen
61%
Fnatic - Mid Nemesis
61%
Suning - Jungle SofM
61%
Suning - Mid Angel
57%
Team Liquid - Jungle Broxah
57%
TSM - Bot Doublelift
57%
Rogue - Top Finn
57%
DAMWON - Bot Ghost
57%
Team Liquid - Mid Jensen
57%
Gen.G - Bot Ruler
57%
TSM - Mid Bjergsen
52%
DRX - Mid Chovy
52%
DRX - Supp Keria
52%
Top Esports - Mid knight
52%
Rogue - Supp Vander
52%
TSM - Top Broken Blade
48%
DRX - Bot Deft
48%
Team Liquid - Top Impact
48%
JD Gaming - Jungle Kanavi
48%
Top Esports - Jungle Karsa
48%
Gen.G - Mid Bdd
43%
TSM - Supp Biofrost
43%
Gen.G - Jungle Clid
43%
Team Liquid - Supp CoreJJ
43%
Top Esports - Bot JackeyLove
43%
Gen.G - Supp Life
43%
DRX - Jungle Pyosik
43%
DRX - Top Doran
39%
Suning - Bot huanfeng
39%
LGD Gaming - Jungle Peanut
39%
FlyQuest - Mid PowerOfEvil
39%
Gen.G - Top Rascal
39%
Suning - Supp SwordArt
39%
Team Liquid - Bot Tactical
39%
FlyQuest - Supp IgNar
35%
JD Gaming - Supp LvMao
35%
FlyQuest - Jungle Santorin
35%
TSM - Jungle Spica
35%
Unicorns of Love - Jungle AHaHaCiK
30%
PSG Talon - Top Hanabi
30%
JD Gaming - Bot LokeN
30%
JD Gaming - Mid Yagao
30%
JD Gaming - Top Zoom
30%
Unicorns of Love - Bot Gadget
26%
PSG Talon - Supp Kaiwing
26%
LGD Gaming - Bot Kramer
26%
FlyQuest - Top Solo
26%
FlyQuest - Bot WildTurtle
26%
LGD Gaming - Mid xiye
26%
Top Esports - Supp yuyanjia
26%
Unicorns of Love - Top BOSS
22%
LGD Gaming - Top Langx
22%
LGD Gaming - Supp Mark
22%
Unicorns of Love - Mid Nomanz
17%
PSG Talon - Jungle River
13%
Unicorns of Love - Supp SaNTaS
13%
PSG Talon - Bot Unified
13%
Machi - Bot Bruce
9%
Machi - Supp Koala
9%
Machi - Top PK
9%
PSG Talon - Mid Tank
9%
Machi - Jungle Gemini
0%
Machi - Mid M1ssion
0%
Nie znaleziono quizów pasujących do podanych kryteriów
Rozkład punktacji
Procent ludzi z każdym wynikiem
Percentyl według liczby udzielonych odpowiedzi
Twoja historia wyników
Nie rozwiązałeś tego quizu